All Incorporated Municipalities of Hillsborough County, New Hampshire - Statistics

General Stats
  • This quiz has been taken 7 times
  • The average score is 19 of 31
Answer Stats
Answer % Correct
Amherst
100%
Hudson
100%
Manchester
100%
Merrimack
100%
Milford
100%
Nashua
100%
Bedford
83%
Greenville
83%
Brookline
67%
Hillsborough
67%
Hollis
67%
Litchfield
67%
New Boston
67%
New Ipswich
67%
Pelham
67%
Temple
67%
Antrim
50%
Francestown
50%
Hancock
50%
Lyndeborough
50%
Mason
50%
Mont Vernon
50%
Peterborough
50%
Weare
50%
Wilton
50%
Bennington
33%
Deering
33%
Greenfield
33%
Sharon
33%
Windsor
33%
Gofftown
0%
No matching quizzes found
Score Distribution
Percent of People with Each Score
Percentile by Number Answered
Your Score History
You have not taken this quiz